000
00328nam a2200133Ia 4500
008
220204s9999 xx 000 0 und d
082
_a
581.4
_b
BAI
100
_a
BAILEY, Irving W
245
0
_a
Contributions to plant anatomy
260
_a
USA
_b
Waltham Mass
_c
1954
650
_a
Cambium
650
_a
Plant anatomy
942
_c
BK
999
_c
21367
_d
21367